00309nam a2200145Ia 45000030006000000080041000060400015000471000019000622450019000812500006001002600020001063000006001265460014001320050017001460STCL150530s9999 xx 000 0 und d aSTCLcSTCL aMoidu Padiyath aChuzhalikkattu a1 c1971aAlappuzha a0 aMalayalam20220125171609.0